Financial accounting theory
| Main Author: | |
|---|---|
| Format: | Book |
| Published: |
New York London
Macmillan ; Collier-Macmillan
c1965
|
| Subjects: |
MARC
| LEADER | 00000cam a2200000 7i4500 | ||
|---|---|---|---|
| 001 | 0000005246 | ||
| 008 | 021118n | ||
| 090 | 0 | 0 | |a HF5635 |b .B53 1965 |
| 100 | 0 | |a Bierman, Harold |e author | |
| 245 | 0 | 0 | |a Financial accounting theory |c Harold Bierman |
| 260 | 2 | |a New York |b Macmillan ; |a London |b Collier-Macmillan |c c1965 | |
| 300 | |a 402p. ; |c 24 cm. | ||
| 650 | 0 | |a Accounting | |
| 999 | |a 1000014031 |b Book |c OPEN SHELF (30 DAYS) |e Gong Badak Campus | ||